Stellar jets and bipolar outflows (Record no. 10982)

MARC details
000 -LEADER
fixed length control field 00990nam a2200229Ia 4500
003 - CONTROL NUMBER IDENTIFIER
control field IN-BaIIA
008 - FIXED-LENGTH DATA ELEMENTS--GENERAL INFORMATION
fixed length control field 211028s9999 xx 000 0 eng d
020 ## - INTERNATIONAL STANDARD BOOK NUMBER
International Standard Book Number 0-7923-2521-4
040 ## - CATALOGING SOURCE
Transcribing agency IIA Library
080 ## - UNIVERSAL DECIMAL CLASSIFICATION NUMBER
Universal Decimal Classification number 52(082.1)
Item number ASS-186
111 ## - MAIN ENTRY--MEETING NAME
Meeting name or jurisdiction name as entry element International Workshop of the Astronomical Observatory of Capodimonte
Number of part/section/meeting 6th
Location of meeting Italy
Date of meeting or treaty signing 1991 Sept. 18-21
9 (RLIN) 18759
245 #0 - TITLE STATEMENT
Title Stellar jets and bipolar outflows
Remainder of title proceedings of the sixth International workshop of the Astronomical Observatory of Capodimonte (OAC 6) held in Capri, Italy, September 18-21,1991
Statement of responsibility, etc. edited by L. Errico
260 ## - PUBLICATION, DISTRIBUTION, ETC.
Place of publication, distribution, etc. Dordrecht
Name of publisher, distributor, etc. Kluwer Academic
Date of publication, distribution, etc. 1993
300 ## - PHYSICAL DESCRIPTION
Extent xix, 426p.
490 ## - SERIES STATEMENT
Series statement Astrophysics and Space Science Library; v. 186
650 ## - SUBJECT ADDED ENTRY--TOPICAL TERM
Topical term or geographic name entry element Astronomy and Astrophysics Thesaurus
650 ## - SUBJECT ADDED ENTRY--TOPICAL TERM
Topical term or geographic name entry element Jets
9 (RLIN) 11565
650 ## - SUBJECT ADDED ENTRY--TOPICAL TERM
Topical term or geographic name entry element Plasma jets
9 (RLIN) 17342
700 ## - ADDED ENTRY--PERSONAL NAME
Personal name Errico, L., ed.
9 (RLIN) 18760
710 ## - ADDED ENTRY--CORPORATE NAME
Corporate name or jurisdiction name as entry element Astronomical Observatory of Capodimonte
9 (RLIN) 18761
942 ## - ADDED ENTRY ELEMENTS (KOHA)
Koha item type Books
Holdings
Withdrawn status Lost status Damaged status Not for loan Home library Current library Shelving location Date acquired Cost, normal purchase price Total Checkouts Full call number Barcode Date last seen Cost, replacement price Price effective from Koha item type Purchase Price
        IIA Library-Bangalore IIA Library-Bangalore General Stacks 21/03/1994 5046.00   52(082.1)/ ASS-186 11895 05/11/2021 5046.00 21/03/1994 Books Rs. 5046.00

Powered by Koha